Využitie jednotlivých druhov cvičení pri vyučovaní prekladu odborného textu v učebnici „Translatologie in der Praxis (Wirtschaftsdeutsch)"

Autorka predstavuje svoju vysokoškolskú učebnicu Translatologie in der Praxis (Wirtschaftsdeutsch), ktorá bola vytvorená ako učebný materiál pre študentov študijného programu Cudzie jazyky a interkultúrna komunikácia, ktorý sa realizuje na Ekonomickej univerzite v Bratislave.

Salvato in:
Dettagli Bibliografici
Autore principale: Seresová, Katarína, 1967-
Natura: Capitolo di libro
Lingua:slovacco
Soggetti:
Tags: Aggiungi Tag
Nessun Tag, puoi essere il primo ad aggiungerne!!

MARC

LEADER 00000nla$a2200000$$$4500
001 0113428
005 20240502072248.4
041 0 |a slo 
044 |a SK 
245 1 0 |a Využitie jednotlivých druhov cvičení pri vyučovaní prekladu odborného textu v učebnici „Translatologie in der Praxis (Wirtschaftsdeutsch)"  |c Katarína Seresová 
520 |a Autorka predstavuje svoju vysokoškolskú učebnicu Translatologie in der Praxis (Wirtschaftsdeutsch), ktorá bola vytvorená ako učebný materiál pre študentov študijného programu Cudzie jazyky a interkultúrna komunikácia, ktorý sa realizuje na Ekonomickej univerzite v Bratislave. 
610 2 0 |a nemčina 
610 2 0 |a vyučovanie 
610 2 0 |a didaktika 
610 2 0 |a učebnice 
610 2 0 |a komunikácia multikultúrna 
610 2 0 |a Ekonomická univerzita v Bratislave 
100 1 |a Seresová, Katarína, 1967-